000 00526nam a2200181Ia 4500
005 20250508152132.0
008 008 250505s9999 xx 000 0 eng d
037 _aTextual
040 _aFEDL
_beng
_cFEDL
041 _aeng
_2eng
084 _a491.21, SHA
_qFEDL
100 _aShakarananda
_9518793
245 0 _aAnatomical alphabet and comparative study of literature, Book 1
260 _aPune, India
_bSwami Shankarananda
300 _a112p
942 _cTEXL
_h491.21, SHA
999 _c1334496
_d1334496